LIBRARY & INFORMATION CENTRE, KCAET, TAVANUR

ONLINE PUBLIC ACCESS CATALOGUE (OPAC)

Operation research in agriculture and water resources / (Record no. 6747)

MARC details
000 -LEADER
fixed length control field 00460cam a2200169ua 4500
003 - CONTROL NUMBER IDENTIFIER
control field OSt
008 - FIXED-LENGTH DATA ELEMENTS--GENERAL INFORMATION
fixed length control field 250804b |||||||| |||| 00| 0 eng d
041 ## - LANGUAGE CODE
Language code of text/sound track or separate title eng
082 ## - DEWEY DECIMAL CLASSIFICATION NUMBER
Classification number 631.587
Item number YAR/OP
100 ## - MAIN ENTRY--AUTHOR NAME
Personal name Yaron , Dan .
245 ## - TITLE STATEMENT
Title Operation research in agriculture and water resources /
250 ## - EDITION STATEMENT
Edition statement 1 /
260 ## - PUBLICATION, DISTRIBUTION, ETC. (IMPRINT)
Place of publication New York :
Name of publisher North-Holland publishing co. ,
Year of publication 1980.
300 ## - PHYSICAL DESCRIPTION
Number of Pages 586 ; .
700 1# - ADDED ENTRY--PERSONAL NAME
Personal name Tapiero, Charles S .
942 ## - ADDED ENTRY ELEMENTS (KOHA)
Koha item type Books
Holdings
Withdrawn status Lost status Damaged status Home library Current library Date acquired Full call number Accession Number Koha item type
      KAUAET   07/04/2012 631.587 YAR/OP 17853 Books
free website counter